Statistics for Symbolist Art

Click here to take the quiz!

General Stats

  • This quiz has been taken 7 times
  • The average score is 6 of 15

Answer Stats

Answer% Correct
Edvard Munch
100%
Odilon Redon
86%
Pierre Puvis de Chavannes
57%
Paul Sérusier
57%
Maurice Denis
43%
Ferdinand Hodler
43%
Félicien Rops
43%
Vilhelm Hammershøi
29%
Aubrey Beardsley
29%
Félix Vallotton
29%
Franz von Stuck
29%
Gustave Moreau
29%
Eugène Carrière
14%
Max Klinger
14%
Giovanni Segantini
0%

Score Distribution

Percentile by Number Answered

Percent of People with Each Score

Your Score History

You have not taken this quiz